Dungeons & dragons movie novelization (Record no. 10990)
[ view plain ]
| 000 -LEADER | |
|---|---|
| fixed length control field | 00749nam a2200277 a 4500 |
| 001 - CONTROL NUMBER | |
| control field | 11933210 |
| 003 - CONTROL NUMBER IDENTIFIER | |
| control field | LC |
| 005 - DATE AND TIME OF LATEST TRANSACTION | |
| control field | 20160222143017.0 |
| 008 - FIXED-LENGTH DATA ELEMENTS--GENERAL INFORMATION | |
| fixed length control field | 000306s2000 wau 000 0 eng |
| 010 ## - LIBRARY OF CONGRESS CONTROL NUMBER | |
| LC control number | 00101970 |
| 020 ## - INTERNATIONAL STANDARD BOOK NUMBER | |
| International Standard Book Number | 0786914934 |
| 040 ## - CATALOGING SOURCE | |
| Original cataloging agency | DLC |
| Transcribing agency | DLC |
| 042 ## - AUTHENTICATION CODE | |
| Authentication code | pcc |
| 050 ## - LIBRARY OF CONGRESS CALL NUMBER | |
| Classification number | PN 1993 |
| Item number | .B273 2000 |
| 082 ## - DEWEY DECIMAL CLASSIFICATION NUMBER | |
| Classification number | FIC |
| Item number | B27d 2000 |
| 100 1# - MAIN ENTRY--PERSONAL NAME | |
| Personal name | Jr., Neal Barrett. |
| 9 (RLIN) | 18524 |
| 245 10 - TITLE STATEMENT | |
| Title | Dungeons & dragons movie novelization |
| Statement of responsibility, etc | Neal Barrett Jr. |
| 260 ## - PUBLICATION, DISTRIBUTION, ETC. (IMPRINT) | |
| Place of publication, distribution, etc | Belgium : |
| Name of publisher, distributor, etc | Wizards of the Coast, |
| Date of publication, distribution, etc | c2000. |
| 300 ## - PHYSICAL DESCRIPTION | |
| Extent | 278 p. ; |
| Dimensions | 18 cm. |
| Other physical details | ill, ; |
| 562 ## - COPY AND VERSION IDENTIFICATION NOTE | |
| Number of copies | 1 |
| 700 1# - ADDED ENTRY--PERSONAL NAME | |
| Personal name | Sehestdt, Mark. |
| 9 (RLIN) | 18525 |
| 906 ## - LOCAL DATA ELEMENT F, LDF (RLIN) | |
| a | 0 |
| b | ibc |
| c | orignew |
| d | 2 |
| e | epcn |
| f | 20 |
| g | y-gencatlg |
| 942 ## - ADDED ENTRY ELEMENTS (KOHA) | |
| Source of classification or shelving scheme | Library of Congress Classification |
| Koha item type | Books |
| Withdrawn status | Lost status | Source of classification or shelving scheme | Damaged status | Home library | Current library | Shelving location | Date acquired | Total Checkouts | Full call number | Barcode | Date last seen | Copy number | Price effective from | Koha item type |
|---|---|---|---|---|---|---|---|---|---|---|---|---|---|---|
| Library of Congress Classification | Luxembourg Library | Luxembourg Library | Fiction Section | 09/12/2013 | PN 1993 .B273 2000 | 8096 | 09/12/2013 | 1 | 09/12/2013 | Books |